Dudley's muddley day / (Record no. 295)

MARC details
000 -LEADER
fixed length control field 01810nam a22003377a 4500
001 - CONTROL NUMBER
control field 295
003 - CONTROL NUMBER IDENTIFIER
control field FISKH
005 - DATE AND TIME OF LATEST TRANSACTION
control field 20230316165820.0
008 - FIXED-LENGTH DATA ELEMENTS--GENERAL INFORMATION
fixed length control field 230316b cb ||||| |||| 00| 0 eng d
020 ## - INTERNATIONAL STANDARD BOOK NUMBER
International Standard Book Number 9781405259484
040 ## - CATALOGING SOURCE
Original cataloging agency BTCTA
Language of cataloging eng
Transcribing agency BTCTA
Modifying agency SINLB
-- UKMGB
-- NLE
-- BDX
-- OCLCO
-- PRKLDDLC
-- DLC
-- FISKH
042 ## - AUTHENTICATION CODE
Authentication code lccopycat
050 00 - LIBRARY OF CONGRESS CALL NUMBER
Classification number PZ7.W3695
Item number Du 2011
082 00 - DEWEY DECIMAL CLASSIFICATION NUMBER
Classification number PZ7
Edition number 23
100 1# - MAIN ENTRY--PERSONAL NAME
Personal name Webb, Josh.
245 10 - TITLE STATEMENT
Title Dudley's muddley day /
Statement of responsibility, etc. Josh Webb ; illustrated by Gabriele Antonini.
260 ## - PUBLICATION, DISTRIBUTION, ETC.
Place of publication, distribution, etc. London :
Name of publisher, distributor, etc. Egmont,
Date of publication, distribution, etc. 2011.
300 ## - PHYSICAL DESCRIPTION
Extent 48 p. :
Other physical details col. ill. ;
Dimensions 22 cm.
490 0# - SERIES STATEMENT
Series statement Red bananas
505 ## - FORMATTED CONTENTS NOTE
Formatted contents note K
520 ## - SUMMARY, ETC.
Summary, etc. The first in a new Bananas mini-series about the world of Silly Safari, where lots of animals live and have adventures together, this is a charming story about making mistakes and being a good friend Little Dudley the terrapin has heard that Joe the bear cub feels under the weather. He thinks that means he's literally under a rain cloud, and is worried about it happening to him too--so he hides in his shell. But his friend Minnie the elephant persuades him to go and cheer Joe up. Along the way they meet grumpy, but funny, Ella the parrot and Leo the silly hippo, who add to the confusion. It is only when they see hypochondriac Ava the giraffe and find Joe the bear in his lair that all becomes clear to Dudley. He feels very foolish, but his friends show him that it doesn't matter--his heart was in the right place.
521 8# - TARGET AUDIENCE NOTE
Target audience note 600 <br/>
Source Lexile
521 8# - TARGET AUDIENCE NOTE
Target audience note K <br/>
Source Raz-Plus
650 #0 - SUBJECT ADDED ENTRY--TOPICAL TERM
Topical term or geographic name entry element Turtles
Form subdivision Juvenile fiction.
650 #0 - SUBJECT ADDED ENTRY--TOPICAL TERM
Topical term or geographic name entry element Weather
Form subdivision Juvenile fiction.
650 #0 - SUBJECT ADDED ENTRY--TOPICAL TERM
Topical term or geographic name entry element Idioms
Form subdivision Juvenile fiction.
655 #0 - INDEX TERM--GENRE/FORM
Genre/form data or focus term Children's stories.
700 1# - ADDED ENTRY--PERSONAL NAME
Personal name Antonini, Gabriele.
Relator term ill.
906 ## - LOCAL DATA ELEMENT F, LDF (RLIN)
a 7
b cbc
c copycat
d 2
e ncip
f 20
g y-gencatlg
942 ## - ADDED ENTRY ELEMENTS (KOHA)
Source of classification or shelving scheme Dewey Decimal Classification
Koha item type Books
Suppress in OPAC No
Holdings
Withdrawn status Lost status Source of classification or shelving scheme Damaged status Not for loan Collection Home library Current library Shelving location Date acquired Total Checkouts Full call number Barcode Date last seen Price effective from Koha item type
    Dewey Decimal Classification     Juvenile Fiction Footprints International School Library Network Toul Kork Campus Footprints International School Library Network Toul Kork Campus   03/16/2023   WEB 823.92 PZ7 2023-0035 03/16/2023 03/16/2023 Books